| 000 | 02009nam a22002657a 4500 | ||
|---|---|---|---|
| 001 | 9230 | ||
| 003 | FISKH | ||
| 005 | 20251205152619.0 | ||
| 008 | 251203b cb ||||| |||| 00| 0 eng d | ||
| 040 |
_aFISKH _bkhr _cFISKH _dFISKH |
||
| 082 | _a398.2 | ||
| 100 | _aAnonymous | ||
| 245 |
_aបងប្អូនស្រី ព្រិលស និង កុលាបក្រហម / _cBy Anonymous |
||
| 260 | _aPhnom Penh : | ||
| 300 |
_a16 unnumbered pages : _bcolor illustrations ; _c21 cm . |
||
| 505 | _aK | ||
| 520 | _aព្រិលស និង កុលាបក្រហមជាបងប្អូននឹងគ្នានាងរស់នៅជាមួយម្តាយក្នុងគ្រួសារក្រីក្រមួយ។ ពួកនាងគឺជាមិត្តរបស់ខ្លាឃ្មុំ ។ មួយរយះក្រោយមកខ្លាឃ្មុំក៏បានចាកចេញពីពួកនាង ។ ច្រើនឆ្នាំកន្លងទៅខ្លាឃ្មុំបានប្រែក្លាយទៅជាបុរសសង្ហារម្នាក់មករៀបការជាមួយព្រិលស ឯកុលាបក្រហមវិញក៏បានរៀបការជាមួយបងប្រុសបុរសសង្ហារនោះ ។ | ||
| 520 | _aSnow White and Red Rose were siblings who lived with their mother in a poor family. They were friends with a bear. After a while, the bear left them. Many years later, the bear had transformed into a handsome man and married Snow White , while Red Rose married the brother of that handsome man. | ||
| 521 | 8 |
_a510
_bLexile estimate |
|
| 521 | 8 |
_aK
_bRaz-Plus |
|
| 650 |
_aបងប្អូនព្រិលសនិងកុលាបក្រហម _vរឿងនិទានកុមារ |
||
| 650 |
_aSnow White and Red Rose _vChildren's Stories |
||
| 942 |
_2ddc _cKHB _n0 |
||
| 999 |
_c9230 _d9230 |
||